[Event "EYCC 2024 - O16"]
[Site "?"]
[Date "2024.08.24"]
[Round "3.14"]
[White "Ostrovsky Berman, Noam"]
[Black "Bodrogi, Bendeguz"]
[Result "0-1"]
[BlackElo "2353"]
[WhiteElo "2098"]
[LiveChessVersion "1.4.8"]

1. e4 {[%clk 1:30:58]} c6 {[%clk 1:29:34]} 2. d4 {[%clk 1:31:21]} d5
{[%clk 1:29:50]} 3. Nd2 {[%clk 1:31:20]} dxe4 {[%clk 1:30:09]} 4. Nxe4
{[%clk 1:31:46]} Nf6 {[%clk 1:30:30]} 5. Nxf6+ {[%clk 1:32:11]} exf6
{[%clk 1:30:53]} 6. c3 {[%clk 1:32:36]} Bd6 {[%clk 1:31:15]} 7. Bd3
{[%clk 1:33:01]} O-O {[%clk 1:31:35]} 8. Qc2 {[%clk 1:33:27]} Re8+
{[%clk 1:31:56]} 9. Ne2 {[%clk 1:33:53]} h5 {[%clk 1:32:18]} 10. O-O
{[%clk 1:34:18]} h4 {[%clk 1:32:36]} 11. Bf4 {[%clk 1:33:44]} Na6
{[%clk 1:29:37]} 12. h3 {[%clk 1:34:07]} Nc7 {[%clk 1:29:25]} 13. Bd2
{[%clk 1:34:21]} Nd5 {[%clk 1:07:47]} 14. Rfe1 {[%clk 1:34:44]} Be6
{[%clk 1:01:13]} 15. Bh7+ {[%clk 1:35:02]} Kh8 {[%clk 0:51:28]} 16. Be4
{[%clk 1:35:26]} b5 {[%clk 0:44:58]} 17. a4 {[%clk 1:35:44]} a6 {[%clk 0:44:23]}
18. b3 {[%clk 1:36:04]} Qd7 {[%clk 0:38:16]} 19. c4 {[%clk 1:35:31]} Nb4
{[%clk 0:33:07]} 20. Bxb4 {[%clk 1:35:48]} Bxb4 {[%clk 0:33:20]} 21. Red1
{[%clk 1:36:13]} bxc4 {[%clk 0:28:56]} 22. bxc4 {[%clk 1:21:41]} Bxc4
{[%clk 0:23:17]} 23. Qxc4 {[%clk 0:41:52]} Rxe4 {[%clk 0:23:39]} 24. Qxb4
{[%clk 0:42:19]} Rxe2 {[%clk 0:23:38]} 25. Re1 {[%clk 0:38:01]} Re6
{[%clk 0:13:36]} 26. Rac1 {[%clk 0:30:00]} Rae8 {[%clk 0:11:05]} 27. Rxe6
{[%clk 0:28:46]} Rxe6 {[%clk 0:11:03]} 28. Qc5 {[%clk 0:17:26]} g6
{[%clk 0:09:34]} 29. d5 {[%clk 0:16:04]} cxd5 {[%clk 0:04:05]} 30. Qf8+
{[%clk 0:08:54]} Kh7 {[%clk 0:04:34]} 31. Rc8 {[%clk 0:07:31]} g5
{[%clk 0:04:37]} 32. Qg8+ {[%clk 0:05:16]} Kh6 {[%clk 0:05:02]} 33. Rf8
{[%clk 0:02:25]} Re1+ {[%clk 0:04:02]} 34. Kh2 {[%clk 0:02:52]} Qc7+
{[%clk 0:03:30]} 35. g3 {[%clk 0:03:18]} hxg3+ {[%clk 0:03:58]} 36. Kg2
{[%clk 0:03:42]} gxf2 {[%clk 0:03:53]} 37. Kxf2 {[%clk 0:03:20]} Re4
{[%clk 0:03:45]} 38. Qh8+ {[%clk 0:01:40]} Kg6 {[%clk 0:04:13]} 39. Rg8+
{[%clk 0:00:48]} Kf5 {[%clk 0:04:36]} 40. Qh7+ {[%clk 0:01:15]} Kf4
{[%clk 0:04:57]} 0-1